The Mckinsey mind (Record no. 90631)

MARC details
000 -LEADER
fixed length control field 00479nam a2200193Ia 4500
008 - FIXED-LENGTH DATA ELEMENTS--GENERAL INFORMATION
fixed length control field 230125s9999 xx 000 0 und d
020 ## - INTERNATIONAL STANDARD BOOK NUMBER
International Standard Book Number 0-07-137429-9
041 ## - LANGUAGE CODE
Language code of text/sound track or separate title eng
082 ## - DEWEY DECIMAL CLASSIFICATION NUMBER
Classification number 658
Item number STE
100 ## - MAIN ENTRY--PERSONAL NAME
Personal name Rasiel E M
9 (RLIN) 113485
245 ## - TITLE STATEMENT
Title The Mckinsey mind
260 ## - PUBLICATION, DISTRIBUTION, ETC. (IMPRINT)
Date of publication, distribution, etc. 2002
Name of publisher, distributor, etc. McGraw-Hill
Place of publication, distribution, etc. New York
300 ## - PHYSICAL DESCRIPTION
Extent 238p
500 ## - GENERAL NOTE
Keywords Biography
500 ## - GENERAL NOTE
Keywords General Management
650 ## - SUBJECT ADDED ENTRY--TOPICAL TERM
Topical term or geographic name as entry element Management
700 ## - ADDED ENTRY--PERSONAL NAME
Personal name Rasiel E M & Friga P N
9 (RLIN) 113486
Holdings
Withdrawn status Lost status Damaged status Not for loan Home library Current library Date acquired Vendor Cost, normal purchase price Total Checkouts Full call number Barcode Date last seen Cost, replacement price Bill Date Koha item type Original Barcode
        Smt. Hiraben Nanavati Institute of Management & Research for Women Smt. Hiraben Nanavati Institute of Management & Research for Women 23/03/2002 Crossword 1145.00   658 STE B03014 HIMR-BK-3014 25/01/2023 1145.00 23/03/2002 Books B03014